00377nam a2200145Ia 4500008004100000020001500041041001200056082001600068100001400084245006100098260003400159300000800193650001600201700001400217221030s9999 xx 000 0 und d a8185814392 aEnglish a105.23bEls aC. Elston 0aWord Perfect 5.1 Training Guidecby C. Elston, S. Orrell bWheelar Pub.aNew Delhic1994 a100 aBE Computer aS. Orrell